书目信息 |
| 题名: |
巫师苏格拉底
|
|
| 作者: | 格里马尔迪 著 ;邓刚 译 | |
| 分册: | ||
| 出版信息: | 上海 华东师范大学出版社 2007.03 |
|
| 页数: | 105页 | |
| 开本: | 21cm | |
| 丛书名: | 巴黎丛书 | |
| 单 册: | ||
| 中图分类: | B502.231 | |
| 科图分类: | ||
| 主题词: | ||
| 电子资源: | ||
| ISBN: | 978-7-5617-5236-4 | |
| 000 | 01240nam 2200289 450 | |
| 001 | 191000009231 | |
| 005 | 20080828161947.04 | |
| 010 | @a978-7-5617-5236-4@dCNY14.80 | |
| 100 | @a20050701d2007 ekmy0chiy0121 ea | |
| 101 | 1 | @achi@cfre |
| 102 | @aCN@b310000 | |
| 105 | @ay z 000yy | |
| 200 | 1 | @a巫师苏格拉底@Awu shi su ge la di@f居古拉·格里马尔迪著@g邓刚译 |
| 210 | @a上海@c华东师范大学出版社@d2007.03 | |
| 215 | @a105页@c图@d21cm | |
| 225 | 2 | @a巴黎丛书@Aba li cong shu@i蓝色系列 |
| 312 | @a英文题名取自封底面 | |
| 330 | @a本书作者尼古拉·格里马尔迪(Nicolas Grimaldi,1933-)是法国当代著名的哲学史家,巴黎索邦大学的资深教授,讲授现代哲学史和形而上学史。 在这本小书中,作者重新考察了苏格拉底的形象。苏格拉底作为第一个哲学家,使得哲学家成为追求真理的人,通过哲学家们的努力真理变得可知,获得真理将会改变生命的意义。苏格拉底定义了哲学的方法和目的,即通过反思的方法和追求真理,而这种真理也就是灵魂的真理。 | |
| 410 | 0 | @12001 @a巴黎丛书@i蓝色系列 |
| 510 | 1 | @aSocrate, le sorcier@zeng |
| 600 | 0 | @a苏格拉底@Asu ge la di@x哲学 |
| 690 | @aB502.231@v4 | |
| 701 | 1 | @a格里马尔迪@Age li ma er di@b居古拉@4著 |
| 702 | 0 | @a邓刚@Adeng gang@4译 |
| 801 | @aCN@bRTZL@c20080828 | |
| 905 | @aZUCC@dB502.231@eJ928 | |
| 999 | @aZYL | |
| 巫师苏格拉底/居古拉·格里马尔迪著/邓刚译.-上海:华东师范大学出版社,2007.03 |
| 105页:图;21cm.-(巴黎丛书.蓝色系列) |
| ISBN 978-7-5617-5236-4:CNY14.80 |
| 本书作者尼古拉·格里马尔迪(Nicolas Grimaldi,1933-)是法国当代著名的哲学史家,巴黎索邦大学的资深教授,讲授现代哲学史和形而上学史。 在这本小书中,作者重新考察了苏格拉底的形象。苏格拉底作为第一个哲学家,使得哲学家成为追求真理的人,通过哲学家们的努力真理变得可知,获得真理将会改变生命的意义。苏格拉底定义了哲学的方法和目的,即通过反思的方法和追求真理,而这种真理也就是灵魂的真理。 |
| ● |
| 相关链接 |
|
|
|
正题名:巫师苏格拉底
索取号:B502.231/J928
 
预约/预借
| 序号 | 登录号 | 条形码 | 馆藏地/架位号 | 状态 | 备注 |
| 1 | 676524 | 206765240 | 社科库509/509社科库 16排4列1层/ [索取号:B502.231/J928] | 在馆 | |
| 2 | 676525 | 206765259 | 社科库509/509社科库 16排4列1层/ [索取号:B502.231/J928] | 在馆 |